Loading...
Impact of afforestation on lateritic soil
| Main Author: | |
|---|---|
| Format: | Report |
| Language: | Undetermined |
| Published: |
2007
|
| LEADER | 00484nam a2200181Ia 4500 | ||
|---|---|---|---|
| 008 | 141004s9999 xx 000 0 und d | ||
| 040 | |c a | ||
| 041 | |a English | ||
| 082 | |a PR | ||
| 082 | |b RAH | ||
| 100 | |a VC Rahul | ||
| 245 | |a Impact of afforestation on lateritic soil | ||
| 245 | |c VC Rahul | ||
| 260 | |c 2007 | ||
| 300 | |b 29.5 cm | ||
| 942 | |c PR | ||
| 999 | |c 175618 |d 175618 | ||
| 952 | |0 0 |1 0 |4 0 |6 PR_RAH |7 0 |9 180591 |a KAUCOF |b KAUCOF |o PR RAH |p KAU_COF-PR-131 |r 2014-10-04 |w 2014-10-04 |y PR | ||